[Event "GER-ch Seniors 23rd"]
[Site "Halle"]
[Date "2011.08.13"]
[Round "9"]
[White "Berndt, Wolfgang"]
[Black "Sapozhnykov, Grygoriy"]
[Result "1/2-1/2"]
[WhiteElo "1839"]
[BlackElo "1610"]
[PlyCount "117"]
[EventDate "2011.08.05"]
[EventType "swiss"]
[EventRounds "9"]
[EventCountry "GER"]
[SourceTitle "CBM 144 Extra"]
[Source "ChessBase"]
[SourceDate "2011.10.28"]
[SourceVersion "1"]
[SourceVersionDate "2011.10.28"]
[SourceQuality "1"]

1. e4 c6 2. d4 d5 3. Nc3 dxe4 4. Nxe4 Bf5 5. Ng3 Bg6 6. Nf3 e6 7. Bc4 Nd7 8. 0-0 Ngf6 9. Bb3 Be7 10. Re1 0-0 11. Qe2 Re8 12. Bd2 h6 13. Rad1 Bd6 14. Ne5 Bh7 15. c4 Qc7 16. Bc3 Kh8 17. Nxf7+ Kg8 18. Nxd6 Qxd6 19. c5 Qf8 20. Bxe6+ Kh8 21. Qd2 Bg8 22. Bxg8 Kxg8 23. Rxe8 Rxe8 24. Re1 Nd5 25. b4 N7f6 26. Bb2 Re7 27. Rxe7 Qxe7 28. Nf5 Qe4 29. Ne3 Qb1+ 30. Bc1 Nxb4 31. Qb2 Qxb2 32. Bxb2 Nxa2 33. Nc2 Kf7 34. f3 Ke6 35. Ne3 Nb4 36. f4 Nfd5 37. Nc4 g6 38. g3 h5 39. Kg2 b5 40. Ne5 Ne7 41. Kf3 Kf5 42. h3 Nbd5 43. g4+ hxg4+ 44. hxg4+ Ke6 45. Nxg6 Nxg6 46. f5+ Kf6 47. fxg6 Kxg6 48. Bc1 a5 49. Ke4 Kf6 50. Kd3 Kg6 51. Kc2 Nf6 52. g5 Ne4 53. Kd3 Nf2+ 54. Ke3 Nd1+ 55. Ke4 Nc3+ 56. Ke5 Nd5 57. Kd6 Nb4 58. Bd2 Kf7 59. Kc7 1/2-1/2

[Event "GER-ch Seniors 23rd"]
[Site "Halle"]
[Date "2011.08.07"]
[Round "3"]
[White "Ludwig, Siegfried"]
[Black "Sapozhnykov, Grygoriy"]
[Result "1-0"]
[WhiteElo "1657"]
[BlackElo "1610"]
[PlyCount "93"]
[EventDate "2011.08.05"]
[EventType "swiss"]
[EventRounds "9"]
[EventCountry "GER"]
[SourceTitle "CBM 144 Extra"]
[Source "ChessBase"]
[SourceDate "2011.10.28"]
[SourceVersion "1"]
[SourceVersionDate "2011.10.28"]
[SourceQuality "1"]

1. e4 c6 2. Bc4 d5 3. exd5 cxd5 4. Bb3 e6 5. d4 Nf6 6. Bg5 Be7 7. Nc3 0-0 8. Nf3 Nc6 9. a3 a6 10. 0-0 b5 11. Ne5 Nxe5 12. dxe5 Nd7 13. Bxe7 Qxe7 14. f4 Bb7 15. Ne2 g6 16. Ng3 Nc5 17. Qg4 Kh8 18. Ba2 f5 19. Qe2 Ne4 20. Nxe4 fxe4 21. b4 Rac8 22. Rac1 Rc3 23. Bb3 Rfc8 24. Qg4 R8c6 25. Qg5 Qf8 26. h4 Rc7 27. Kh2 Rf7 28. g4 Bc8 29. Rf2 Qe7 30. Rcf1 Qxg5 31. hxg5 Rf8 32. f5 gxf5 33. gxf5 Rxf5 34. Rxf5 exf5 35. Bxd5 Rxc2+ 36. Kg1 Kg7 37. e6 Kg6 38. e7 Bd7 39. Be6 Be8 40. Bxf5+ Kxg5 41. Bxe4 Rc7 42. Rf5+ Kg4 43. Re5 h5 44. Re6 Ra7 45. Bg6 Bxg6 46. Rxg6+ Kf5 47. e8Q 1-0

[Event "GER-ch Seniors 23rd"]
[Site "Halle"]
[Date "2011.08.05"]
[Round "1"]
[White "Petzold, Hans"]
[Black "Sapozhnykov, Grygoriy"]
[Result "1-0"]
[WhiteElo "2145"]
[BlackElo "1610"]
[PlyCount "89"]
[EventDate "2011.08.05"]
[EventType "swiss"]
[EventRounds "9"]
[EventCountry "GER"]
[SourceTitle "CBM 144 Extra"]
[Source "ChessBase"]
[SourceDate "2011.10.28"]
[SourceVersion "1"]
[SourceVersionDate "2011.10.28"]
[SourceQuality "1"]

1. e4 c6 2. d4 d5 3. Nc3 dxe4 4. Nxe4 Bf5 5. Ng3 Bg6 6. N1e2 e6 7. Nf4 Nf6 8. h4 e5 9. Nxg6 hxg6 10. Be3 exd4 11. Bxd4 Nbd7 12. Qf3 Qa5+ 13. c3 0-0-0 14. Bc4 Re8+ 15. Ne2 Ne5 16. Bxe5 Qxe5 17. Bxf7 Rd8 18. Bxg6 Bc5 19. Rd1 Rxd1+ 20. Kxd1 Rd8+ 21. Kc2 Qd6 22. Bd3 Bxf2 23. Rd1 Qc5 24. Bf5+ Nd7 25. Qg4 Qe7 26. Nf4 Kb8 27. Rxd7 Rxd7 28. Bxd7 Qe4+ 29. Nd3 Qxg4 30. Bxg4 Bxh4 31. Nf4 b6 32. Kd3 Kb7 33. Ke4 b5 34. Kf5 Kb6 35. Nh5 Be7 36. Nxg7 b4 37. cxb4 Bxb4 38. Ne6 Bd2 39. Be2 Bc1 40. b3 a5 41. a4 c5 42. g4 Kc6 43. g5 Kd6 44. g6 Bh6 45. g7 1-0